1980 US Presidential Election Map Click Quiz - Statistics

General Stats
  • This quiz has been taken 24 times
    17 since last reset
  • The average score is 43 of 50
Answer Stats
Hint Answer % Correct
Alabama Ronald Reagan
100%
Alaska Ronald Reagan
100%
Arizona Ronald Reagan
100%
Arkansas Ronald Reagan
94%
California Ronald Reagan
94%
Colorado Ronald Reagan
94%
Connecticut Ronald Reagan
94%
Delaware Ronald Reagan
94%
Florida Ronald Reagan
94%
Idaho Ronald Reagan
94%
Indiana Ronald Reagan
94%
Iowa Ronald Reagan
94%
Kansas Ronald Reagan
94%
Kentucky Ronald Reagan
94%
Maine Ronald Reagan
94%
Michigan Ronald Reagan
94%
Mississippi Ronald Reagan
94%
Missouri Ronald Reagan
94%
Montana Ronald Reagan
94%
Illinois Ronald Reagan
88%
Louisiana Ronald Reagan
88%
Nebraska Ronald Reagan
88%
Nevada Ronald Reagan
88%
New Hampshire Ronald Reagan
88%
New Jersey Ronald Reagan
88%
New Mexico Ronald Reagan
88%
New York Ronald Reagan
88%
North Carolina Ronald Reagan
88%
North Dakota Ronald Reagan
88%
Ohio Ronald Reagan
88%
Oklahoma Ronald Reagan
88%
Oregon Ronald Reagan
88%
Pennsylvania Ronald Reagan
88%
South Carolina Ronald Reagan
88%
South Dakota Ronald Reagan
88%
Tennessee Ronald Reagan
88%
Texas Ronald Reagan
88%
Utah Ronald Reagan
88%
Virginia Ronald Reagan
88%
Washington Ronald Reagan
88%
Wisconsin Ronald Reagan
88%
Wyoming Ronald Reagan
88%
Vermont Ronald Reagan
82%
Georgia Jimmy Carter
65%
Minnesota Jimmy Carter
65%
Massachusetts Ronald Reagan
59%
Hawaii Jimmy Carter
53%
Maryland Jimmy Carter
53%
West Virginia Jimmy Carter
53%
Rhode Island Jimmy Carter
47%
No matching quizzes found
Score Distribution
Percent of People with Each Score
Percentile by Number Answered
Your Score History
You have not taken this quiz since the last reset